000 00295nam a22001337a 4500
008 170615b xxu||||| |||| 00| 0 eng d
020 _a9781594510434
041 _aeng
080 _a93
100 _a19
101 _aSHH
245 _aSOCIAL MOVEMENTS, 1768-2004
_cTILLY, CH
942 _2udc
_cBK
999 _c17561
_d17561